[Event "Pfalz op 10th"]
[Site "Neustadt an der Weinstrasse"]
[Date "2019.03.05"]
[Round "9"]
[White "Scherer, Frank"]
[Black "Browning, Alex"]
[Result "0-1"]
[WhiteElo "2072"]
[BlackElo "2210"]
[PlyCount "44"]
[EventDate "2019.03.01"]
[EventType "swiss"]
[EventRounds "9"]
[EventCountry "GER"]
[SourceTitle "CBM 189 Extra"]
[Source "ChessBase"]
[SourceDate "2019.05.31"]
[SourceVersion "1"]
[SourceVersionDate "2019.05.31"]
[SourceQuality "1"]

1. e4 c5 2. Nc3 a6 3. d3 e6 4. g4 b5 5. Bg2 Bb7 6. h4 d5 7. e5 Nd7 8. Qe2 Qc7 9. Bf4 Ne7 10. Nf3 h5 11. gxh5 Rxh5 12. Ng5 Rh8 13. Bh3 b4 14. Nxf7 Kxf7 15. Bxe6+ Kxe6 16. Qg4+ Nf5 17. Qg6+ Nf6 18. exf6 Qf7 19. Qg2 bxc3 20. 0-0-0 cxb2+ 21. Kb1 gxf6 22. Rde1+ Kd7 0-1

[Event "Pfalz op 10th"]
[Site "Neustadt an der Weinstrasse"]
[Date "2019.03.05"]
[Round "8"]
[White "Trifan, Andrei Ioan"]
[Black "Scherer, Frank"]
[Result "1/2-1/2"]
[WhiteElo "2247"]
[BlackElo "2072"]
[PlyCount "123"]
[EventDate "2019.03.01"]
[EventType "swiss"]
[EventRounds "9"]
[EventCountry "GER"]
[SourceTitle "CBM 189 Extra"]
[Source "ChessBase"]
[SourceDate "2019.05.31"]
[SourceVersion "1"]
[SourceVersionDate "2019.05.31"]
[SourceQuality "1"]

1. e4 c6 2. d4 d5 3. exd5 cxd5 4. c4 Nf6 5. Nc3 Nc6 6. Nf3 Bg4 7. Bg5 Ne4 8. cxd5 Nxg5 9. dxc6 bxc6 10. Be2 Nxf3+ 11. Bxf3 Bxf3 12. Qxf3 Rc8 13. 0-0 e6 14. Rfd1 Be7 15. Rac1 0-0 16. a3 Qb6 17. Rc2 Qb3 18. Qe4 Rfd8 19. Rdc1 Bg5 20. Rd1 Bf6 21. Rcd2 g6 22. Qe3 Bg7 23. h4 h5 24. Qf4 Rd7 25. Ne4 Qb6 26. g4 Rd5 27. gxh5 Rxh5 28. Ng5 Qc7 29. Qg4 Bh6 30. f4 Qd6 31. Rg2 Bxg5 32. fxg5 Rd8 33. b4 a5 34. Rb2 axb4 35. Rxb4 c5 36. Rc4 cxd4 37. Rdxd4 Qb6 38. Rb4 Rxd4 39. Qxd4 Qxd4+ 40. Rxd4 Kg7 41. a4 e5 42. Rb4 Rh8 43. a5 Ra8 44. Rb5 f6 45. Kf2 Kf7 46. Ke3 Ke6 47. Rb6+ Kd5 48. gxf6 Rxa5 49. f7 Ra3+ 50. Ke2 Ra8 51. Rxg6 Rf8 52. Rf6 e4 53. Ke3 Ke5 54. Rf1 Ke6 55. Kxe4 Rxf7 56. Rh1 Kf6 57. Kf4 Kg6+ 58. Kg4 Kh7 59. h5 Rg7+ 60. Kh4 Rg2 61. Rc1 Rh2+ 62. Kg4 1/2-1/2

[Event "Rheinland-Pfalz CupT final"]
[Site "Pirmasens"]
[Date "2018.08.26"]
[Round "5.4"]
[White "Kelchner, Hans"]
[Black "Scherer, Frank"]
[Result "1/2-1/2"]
[WhiteElo "2033"]
[BlackElo "2001"]
[PlyCount "85"]
[EventDate "2018.08.26"]
[EventType "team-k.o."]
[EventRounds "5"]
[EventCountry "GER"]
[SourceTitle "EXT 2020"]
[Source "ChessBase"]
[SourceDate "2019.10.17"]
[SourceVersion "1"]
[SourceVersionDate "2019.10.17"]
[SourceQuality "1"]
[WhiteTeam "Ludwigshafen"]
[BlackTeam "Pirmasens"]
[WhiteTeamCountry "GER"]
[BlackTeamCountry "GER"]

1. d4 Nf6 2. Nf3 g6 3. Bf4 c5 4. c3 Bg7 5. e3 0-0 6. Be2 cxd4 7. exd4 d5 8. Nbd2 Nc6 9. h3 Nd7 10. Qb3 e6 11. 0-0 a6 12. a4 b6 13. Rfe1 Bb7 14. Bf1 Rc8 15. Qa2 Re8 16. Rad1 Bf6 17. Bg3 Bg7 18. Nb3 Na5 19. Nxa5 bxa5 20. Qa3 Nb6 21. Nd2 Bf8 22. Qa2 Bd6 23. Bxd6 Qxd6 24. Nb3 Nc4 25. Nc5 Qc6 26. b3 Nb6 27. Bd3 Nd7 28. b4 Nxc5 29. bxc5 e5 30. Rb1 exd4 31. Rxe8+ Rxe8 32. cxd4 Re7 33. Qb3 Qf6 34. Qb6 Bc6 35. Bf1 Re6 36. Qb2 Bxa4 37. Bxa6 Bc6 38. Bf1 Re4 39. Rd1 a4 40. g3 h5 41. Bg2 a3 42. Qxa3 Rxd4 43. Qa1 1/2-1/2

[Event "Prague Holiday M21"]
[Site "Prague"]
[Date "2014.07.31"]
[Round "8"]
[White "Barthel, Ansgar"]
[Black "Scherer, Frank"]
[Result "1/2-1/2"]
[WhiteElo "2226"]
[BlackElo "2063"]
[PlyCount "28"]
[EventDate "2014.07.27"]
[EventType "tourn"]
[EventRounds "9"]
[EventCountry "CZE"]
[SourceTitle "EXT 2023"]
[Source "ChessBase"]
[SourceDate "2022.10.05"]
[SourceVersion "1"]
[SourceVersionDate "2022.10.05"]
[SourceQuality "1"]

1. e4 e5 2. Nf3 Nc6 3. Bc4 Bc5 4. d3 Nf6 5. Nc3 d6 6. Bg5 h6 7. Bxf6 Qxf6 8. Nd5 Qd8 9. c3 Ne7 10. Ne3 0-0 11. 0-0 Ng6 12. d4 Bb6 13. dxe5 dxe5 14. Qxd8 Rxd8 1/2-1/2

[Event "Prague Holiday M21"]
[Site "Prague"]
[Date "2014.07.31"]
[Round "7"]
[White "Scherer, Frank"]
[Black "Michalek, Frantisek"]
[Result "1/2-1/2"]
[WhiteElo "2063"]
[BlackElo "2058"]
[PlyCount "42"]
[EventDate "2014.07.27"]
[EventType "tourn"]
[EventRounds "9"]
[EventCountry "CZE"]
[SourceTitle "EXT 2023"]
[Source "ChessBase"]
[SourceDate "2022.10.05"]
[SourceVersion "1"]
[SourceVersionDate "2022.10.05"]
[SourceQuality "1"]

1. e4 e5 2. Nf3 Nc6 3. d4 exd4 4. Nxd4 Nxd4 5. Qxd4 Ne7 6. Bg5 h6 7. Bd2 Nc6 8. Qe3 Be7 9. Nc3 Bf6 10. 0-0-0 d6 11. Nd5 Bd4 12. Qg3 Be6 13. f4 Bxd5 14. exd5 Ne7 15. Bc3 Bxc3 16. Qxc3 0-0 17. Qd2 Qd7 18. Be2 Rfd8 19. g4 c6 20. Bf3 Nxd5 21. Bxd5 cxd5 1/2-1/2

[Event "Prague Holiday M21"]
[Site "Prague"]
[Date "2014.07.28"]
[Round "3"]
[White "Scherer, Frank"]
[Black "Hanl, Frantisek"]
[Result "0-1"]
[WhiteElo "2063"]
[BlackElo "1958"]
[PlyCount "82"]
[EventDate "2014.07.27"]
[EventType "tourn"]
[EventRounds "9"]
[EventCountry "CZE"]
[SourceTitle "EXT 2023"]
[Source "ChessBase"]
[SourceDate "2022.10.05"]
[SourceVersion "1"]
[SourceVersionDate "2022.10.05"]
[SourceQuality "1"]

1. e4 c5 2. Nf3 Nc6 3. d4 cxd4 4. Nxd4 Nf6 5. Nc3 e5 6. Ndb5 d6 7. Bg5 a6 8. Na3 b5 9. Bxf6 gxf6 10. Nd5 f5 11. c3 Bg7 12. exf5 Bxf5 13. Nc2 0-0 14. Nce3 Be6 15. g3 Rb8 16. Bg2 b4 17. 0-0 bxc3 18. bxc3 Ne7 19. Qa4 f5 20. Rad1 Nxd5 21. Bxd5 Qc8 22. Bxe6+ Qxe6 23. Qxa6 Rfd8 24. Nd5 f4 25. Qc4 Kh8 26. Qe4 fxg3 27. hxg3 Rf8 28. Rb1 Rxb1 29. Rxb1 Qh6 30. Ne3 Qe6 31. c4 Qf7 32. Rb2 Qa7 33. Nf5 Qf7 34. g4 Qg6 35. Rb7 Bh6 36. f3 Bf4 37. Ra7 d5 38. Qc2 Qb6+ 39. Qf2 d4 40. Re7 Rxf5 41. gxf5 Be3 0-1

[Event "Dresden ZMD op 22nd"]
[Site "Dresden"]
[Date "2013.08.12"]
[Round "3"]
[White "Gungl, Theo"]
[Black "Scherer, Frank"]
[Result "0-1"]
[WhiteElo "1948"]
[BlackElo "2072"]
[PlyCount "62"]
[EventDate "2013.08.10"]
[EventType "swiss"]
[EventRounds "9"]
[EventCountry "GER"]
[SourceTitle "CBM 155 Extra"]
[Source "ChessBase"]
[SourceDate "2013.08.26"]
[SourceVersion "1"]
[SourceVersionDate "2013.08.26"]
[SourceQuality "1"]

1. e4 c6 2. d4 d5 3. Nc3 dxe4 4. Nxe4 Bf5 5. Ng3 Bg6 6. h4 h6 7. Nf3 Nd7 8. h5 Bh7 9. Bd3 Bxd3 10. Qxd3 e6 11. Bf4 Qa5+ 12. Bd2 Bb4 13. c3 Be7 14. c4 Qc7 15. 0-0-0 Ngf6 16. Kb1 0-0 17. Rhe1 a5 18. Qc2 Bb4 19. a3 Bxd2 20. Nxd2 Qf4 21. Nde4 b5 22. Nxf6+ Nxf6 23. Ne4 bxc4 24. Nxf6+ Qxf6 25. Re3 Rab8 26. Rf3 Qg5 27. Qxc4 Qxg2 28. Qc3 Rb5 29. Rg3 Qxf2 30. Rdg1 Rfb8 31. Rxg7+ Kh8 0-1

[Event "Dresden ZMD op 22nd"]
[Site "Dresden"]
[Date "2013.08.10"]
[Round "1"]
[White "Andre, Gordon"]
[Black "Scherer, Frank"]
[Result "1-0"]
[WhiteElo "2333"]
[BlackElo "2072"]
[PlyCount "85"]
[EventDate "2013.08.10"]
[EventType "swiss"]
[EventRounds "9"]
[EventCountry "GER"]
[SourceTitle "CBM 155 Extra"]
[Source "ChessBase"]
[SourceDate "2013.08.26"]
[SourceVersion "1"]
[SourceVersionDate "2013.08.26"]
[SourceQuality "1"]

1. d4 Nf6 2. c4 g6 3. Nc3 Bg7 4. e4 d6 5. f3 0-0 6. Bg5 c5 7. d5 Qa5 8. Qd2 a6 9. Bd3 Nbd7 10. Nge2 Ne5 11. 0-0 b5 12. cxb5 c4 13. Bc2 axb5 14. Nd4 b4 15. Nce2 Ba6 16. Qe1 Nd3 17. Qh4 Nxb2 18. Nc6 Qc7 19. Ned4 b3 20. axb3 cxb3 21. Bxb3 Bxf1 22. Rxf1 Nd3 23. Bc4 Nc5 24. Rc1 Rfe8 25. Kh1 Qb6 26. h3 Qb2 27. Qe1 Nh5 28. Nb5 Ra1 29. Rxa1 Qxa1 30. Qxa1 Bxa1 31. Nc7 f6 32. Bh6 Rf8 33. Nxe7+ Kf7 34. Bxf8 Kxf8 35. Nc6 Be5 36. Kg1 Bf4 37. Kf2 Bg3+ 38. Ke3 Nf4 39. Bf1 Nd7 40. Nd4 Ke7 41. Nce6 Nxe6 42. dxe6 Be5 43. exd7 1-0

[Event "Zweibruecken PSB-ch MAT1 82nd"]
[Site "Zweibruecken"]
[Date "2013.03.30"]
[Round "9"]
[White "Scherer, Frank"]
[Black "Ritter, Ralph"]
[Result "0-1"]
[WhiteElo "2090"]
[BlackElo "2072"]
[PlyCount "72"]
[EventDate "2013.??.??"]
[EventType "tourn"]
[EventRounds "9"]
[EventCountry "GER"]
[SourceTitle "EXT 2014"]
[Source "ChessBase"]
[SourceDate "2013.11.20"]
[SourceVersion "1"]
[SourceVersionDate "2013.11.20"]
[SourceQuality "1"]

1. e4 e6 2. Nf3 d5 3. e5 c5 4. b4 c4 5. c3 Qc7 6. d4 cxd3 7. Bxd3 Bd7 8. 0-0 Nc6 9. Re1 g6 10. a4 Bg7 11. Qe2 Nge7 12. Ba3 Nc8 13. Nbd2 0-0 14. c4 N6e7 15. Rac1 Qd8 16. b5 Re8 17. c5 a6 18. Bb4 axb5 19. axb5 Ra4 20. Rb1 Bf8 21. Nd4 Nf5 22. Bxf5 exf5 23. Rec1 b6 24. N2f3 Rxb4 25. Rxb4 bxc5 26. Rbb1 cxd4 27. Nxd4 Qb6 28. Nc6 Nd6 29. Qd3 Ne4 30. Qxd5 Qxf2+ 31. Kh1 Bc5 32. h3 Be6 33. Qd3 Qf4 34. Qf3 Ng3+ 35. Kh2 Nf1+ 36. Kh1 Qh2# 0-1

[Event "Zweibruecken PSB-ch MAT1 82nd"]
[Site "Zweibruecken"]
[Date "2013.03.29"]
[Round "7"]
[White "Scherer, Frank"]
[Black "Quarz, Paul"]
[Result "1/2-1/2"]
[WhiteElo "2090"]
[BlackElo "1905"]
[PlyCount "36"]
[EventDate "2013.??.??"]
[EventType "tourn"]
[EventRounds "9"]
[EventCountry "GER"]
[SourceTitle "EXT 2014"]
[Source "ChessBase"]
[SourceDate "2013.11.20"]
[SourceVersion "1"]
[SourceVersionDate "2013.11.20"]
[SourceQuality "1"]

1. e4 e6 2. d4 d5 3. Nc3 Bb4 4. exd5 exd5 5. Bd3 Nf6 6. Nge2 0-0 7. 0-0 c6 8. Ng3 Re8 9. h3 Bxc3 10. bxc3 Ne4 11. Qf3 Nd6 12. Qh5 Ne4 13. Ne2 Nd7 14. c4 Ndf6 15. Qh4 dxc4 16. Bxc4 Nd6 17. Bd3 Bf5 18. Qg3 Bxd3 1/2-1/2

[Event "Pfalz op 03rd"]
[Site "Neustadt an der Weinstrasse"]
[Date "2012.03.03"]
[Round "5"]
[White "Hecht, Carsten"]
[Black "Scherer, Frank"]
[Result "1-0"]
[WhiteElo "1987"]
[BlackElo "2155"]
[PlyCount "47"]
[EventDate "2012.02.17"]
[EventType "swiss"]
[EventRounds "9"]
[EventCountry "GER"]
[SourceTitle "EXT 2013"]
[Source "ChessBase"]
[SourceDate "2012.11.22"]
[SourceVersion "1"]
[SourceVersionDate "2012.11.22"]
[SourceQuality "1"]

1. e4 c6 2. d4 d5 3. Nc3 dxe4 4. Nxe4 Bf5 5. Ng3 Bg6 6. h4 h6 7. Nf3 Nd7 8. h5 Bh7 9. Bd3 Bxd3 10. Qxd3 e6 11. Bf4 Qa5+ 12. Bd2 Bb4 13. c3 Be7 14. 0-0 Ngf6 15. c4 Qc7 16. Rfe1 0-0 17. Bc3 Bd6 18. Ne5 c5 19. Nxd7 Qxd7 20. Ne4 Nxe4 21. Qxe4 cxd4 22. Qxd4 e5 23. Rxe5 Qc7 24. Re7 1-0

[Event "Hassloch MTA"]
[Site "Hassloch"]
[Date "2009.04.10"]
[Round "3"]
[White "Moeldner, Juergen"]
[Black "Scherer, Frank"]
[Result "1-0"]
[WhiteElo "2195"]
[BlackElo "2199"]
[PlyCount "78"]
[EventDate "2009.04.10"]
[EventType "tourn"]
[EventRounds "9"]
[EventCountry "GER"]
[SourceTitle "EXT 2011"]
[Source "ChessBase"]
[SourceDate "2010.11.26"]
[SourceVersion "1"]
[SourceVersionDate "2010.11.26"]
[SourceQuality "1"]

1. d4 Nf6 2. c4 g6 3. Nc3 Bg7 4. e4 d6 5. f3 0-0 6. Be3 e5 7. Nge2 c6 8. d5 cxd5 9. cxd5 a6 10. Qd2 Nbd7 11. g4 h5 12. h3 Qa5 13. Ng3 h4 14. Nge2 Nh7 15. Nc1 b5 16. Rg1 Bb7 17. g5 Rfc8 18. Rg4 Qd8 19. Nb3 b4 20. Na4 a5 21. Bb5 Nhf8 22. Qe2 f5 23. gxf6 Nxf6 24. Rg1 Nh5 25. Nb6 Nf4 26. Qf1 a4 27. Nd2 Ra5 28. Nxc8 Qxc8 29. Bc4 a3 30. b3 Ba6 31. Rg4 Nd7 32. Kd1 Nc5 33. Bxa6 Rxa6 34. Rc1 Ra5 35. Rxh4 Qd8 36. Rg4 Nfd3 37. Rc2 Nb2+ 38. Kc1 Ncd3+ 39. Kb1 Ra7 1-0

[Event "Hassloch MTA"]
[Site "Hassloch"]
[Date "2009.04.10"]
[Round "7"]
[White "Scherer, Frank"]
[Black "Weller, Manuel"]
[Result "1-0"]
[WhiteElo "2199"]
[BlackElo "2144"]
[PlyCount "91"]
[EventDate "2009.04.10"]
[EventType "tourn"]
[EventRounds "9"]
[EventCountry "GER"]
[SourceTitle "EXT 2011"]
[Source "ChessBase"]
[SourceDate "2010.11.26"]
[SourceVersion "1"]
[SourceVersionDate "2010.11.26"]
[SourceQuality "1"]

1. c4 e5 2. Nc3 Nf6 3. g3 d5 4. cxd5 Nxd5 5. Bg2 Nb6 6. Nf3 Nc6 7. 0-0 Be7 8. a3 0-0 9. b4 Be6 10. d3 Nd4 11. Nd2 Nd5 12. Bb2 Qd7 13. Rc1 c6 14. Nce4 Bg4 15. Re1 b6 16. Nb3 Nxb3 17. Qxb3 Be6 18. Qc2 Rac8 19. Bxe5 f6 20. Bb2 f5 21. Nc3 f4 22. Nxd5 cxd5 23. Qd2 Bg5 24. Rxc8 Qxc8 25. Qc3 Qd7 26. Bc1 Qf7 27. Bf3 Bf6 28. Qb3 fxg3 29. hxg3 g5 30. Rf1 g4 31. Bg2 Bd4 32. Be3 Bxe3 33. fxe3 Qc7 34. Rf4 Qe5 35. d4 Qd6 36. Kf2 Rc8 37. Rf6 Kg7 38. Rf4 Rc1 39. Qa4 Bd7 40. Qxa7 h5 41. Qa8 Bc6 42. Qc8 Rc3 43. b5 Qe7 44. e4 dxe4 45. bxc6 Rc1 46. Bxe4 1-0

[Event "Hassloch op 21st"]
[Site "Hassloch"]
[Date "2006.06.04"]
[Round "5"]
[White "Scherer, Frank"]
[Black "Otterstaetter, Stefan"]
[Result "1-0"]
[WhiteElo "2157"]
[BlackElo "2227"]
[PlyCount "65"]
[EventDate "2006.06.02"]
[EventType "swiss"]
[EventRounds "7"]
[EventCountry "GER"]
[SourceTitle "CBM 112 Extra"]
[Source "ChessBase"]
[SourceDate "2006.07.14"]
[SourceVersion "1"]
[SourceVersionDate "2006.07.14"]
[SourceQuality "1"]

1. e4 c5 2. Nf3 Nf6 3. Nc3 Nc6 4. d4 d5 5. exd5 Nxd5 6. Nxd5 Qxd5 7. Be3 cxd4 8. Nxd4 a6 9. Be2 e5 10. Nxc6 Qxc6 11. 0-0 Bf5 12. c3 Be4 13. f3 Rd8 14. Qe1 Bg6 15. f4 exf4 16. Bf3 Qe6 17. Bd4 Be7 18. Bxg7 Bc5+ 19. Kh1 Rg8 20. Bf6 Rd3 21. Bxb7 Re3 22. Qh4 Be4 23. Rad1 Bb6 24. Bxe4 Qxe4 25. Rd2 Rd3 26. Re1 Be3 27. Qf2 Kf8 28. Rxd3 Qxd3 29. Qf3 Qd7 30. Rd1 Qe8 31. Rd8 Rg6 32. Rxe8+ Kxe8 33. Qc6+ 1-0

[Event "Hassloch op 21st"]
[Site "Hassloch"]
[Date "2006.06.03"]
[Round "2"]
[White "Voropaev, Gleb"]
[Black "Scherer, Frank"]
[Result "1-0"]
[WhiteElo "2271"]
[BlackElo "2157"]
[PlyCount "75"]
[EventDate "2006.06.02"]
[EventType "swiss"]
[EventRounds "7"]
[EventCountry "GER"]
[SourceTitle "CBM 112 Extra"]
[Source "ChessBase"]
[SourceDate "2006.07.14"]
[SourceVersion "1"]
[SourceVersionDate "2006.07.14"]
[SourceQuality "1"]

1. e4 c6 2. d4 d5 3. e5 Bf5 4. Nf3 e6 5. Be2 Ne7 6. Nbd2 Nd7 7. Nb3 Bg6 8. 0-0 Nf5 9. c3 Be7 10. g4 Nh4 11. Nxh4 Bxh4 12. f4 Be4 13. Nd2 f5 14. exf6 gxf6 15. Nxe4 dxe4 16. Qb3 Ke7 17. Qxb7 Qb6 18. Qxb6 axb6 19. f5 e5 20. Be3 exd4 21. cxd4 b5 22. Bd1 Nb6 23. Rf4 Nd5 24. Rxe4+ Kd7 25. Bf2 Bxf2+ 26. Kxf2 Rhg8 27. Bb3 h5 28. Rg1 hxg4 29. Rgxg4 Rxg4 30. Rxg4 Rh8 31. Bxd5 cxd5 32. h4 b4 33. Rg7+ Kc6 34. Kg3 Ra8 35. h5 Rxa2 36. h6 Ra8 37. h7 Rh8 38. b3 1-0

[Event "RLP-chA"]
[Site "Dittweiler"]
[Date "2004.??.??"]
[Round "1"]
[White "Meier, Georg"]
[Black "Scherer, Frank"]
[Result "1/2-1/2"]
[WhiteElo "2365"]
[BlackElo "2132"]
[PlyCount "98"]
[EventDate "2004.??.??"]
[EventType "swiss"]
[EventRounds "11"]
[EventCountry "GER"]
[SourceTitle "EXT 2009"]
[Source "ChessBase"]
[SourceDate "2008.11.26"]
[SourceVersion "1"]
[SourceVersionDate "2008.11.26"]
[SourceQuality "1"]

1. e4 c6 2. d4 d5 3. Nc3 dxe4 4. Nxe4 Bf5 5. Ng3 Bg6 6. h4 h6 7. Nf3 Nd7 8. h5 Bh7 9. Bd3 Bxd3 10. Qxd3 e6 11. Bf4 Ngf6 12. 0-0-0 Be7 13. Kb1 0-0 14. Ne4 Nxe4 15. Qxe4 Nf6 16. Qe2 a5 17. Ne5 a4 18. c4 a3 19. b3 Nd7 20. g4 Nxe5 21. dxe5 Qc7 22. Bc1 Rfd8 23. f4 Rxd1 24. Rxd1 Rd8 25. Rf1 Qd7 26. f5 Qd4 27. Rf2 Bc5 28. Rg2 Qc3 29. Qc2 Qxe5 30. Re2 Qf6 31. fxe6 fxe6 32. Qe4 Rd6 33. Qe5 Qxe5 34. Rxe5 b6 35. Kc2 Kf7 36. g5 hxg5 37. Rxg5 Kf6 38. Rg6+ Kf7 39. Bd2 e5 40. Rxd6 Bxd6 41. Kd3 Ke6 42. Ke4 b5 43. Bg5 bxc4 44. bxc4 Bc5 45. Bd8 Bb4 46. Bc7 Bd6 47. Bb6 Bb4 48. Bd8 Bc5 49. Ba5 Kf6 1/2-1/2